Central Library OPAC University of Rajshahi

The influence of sea power in World War II / (Record no. 24554)

MARC details
000 -LEADER
fixed length control field 00836nam a22002651 4500
001 - CONTROL NUMBER
control field 24554
003 - CONTROL NUMBER IDENTIFIER
rucl marc code BD-RjUL
005 - DATE AND TIME OF LATEST TRANSACTION
control field 20211209001051.0
008 - FIXED-LENGTH DATA ELEMENTS--GENERAL INFORMATION
fixed length control field 140313s1947 ctu 001 0 eng
035 ## - SYSTEM CONTROL NUMBER
System control number (BD-RjUL)24621
System control number (OCoLC)1214483
040 ## - CATALOGING SOURCE
Original cataloging agency DLC
Transcribing agency OCU
Modifying agency FTaSU
-- OCoLC
-- DLC
-- BD-RjUL
Language of cataloging eng
041 ## - LANGUAGE CODE
Language code of text/sound track or separate title eng
082 ## - DEWEY DECIMAL CLASSIFICATION NUMBER
Classification number 940.545
Author mark and year PUI 1947
100 1# - MAIN ENTRY--PERSONAL NAME
Personal name Puleston, W. D.
Fuller form of name (William Dilworth),
Dates associated with a name 1881-
9 (RLIN) 75567
245 14 - TITLE STATEMENT
Title The influence of sea power in World War II /
Statement of responsibility, etc. W D Puleston
260 ## - PUBLICATION, DISTRIBUTION, ETC. (IMPRINT)
Place of publication, distribution, etc. New Haven :
Name of publisher, distributor, etc. Yale University Press,
Date of publication, distribution, etc. c1947.
300 ## - PHYSICAL DESCRIPTION
Pagination x, 310 p. :
Illustrations ill., maps. ;
Size 25 cm.
504 ## - BIBLIOGRAPHY, ETC. NOTE
Bibliography, etc Includes bibliographical references and index.
650 #0 - SUBJECT ADDED ENTRY--TOPICAL TERM
Topical term or geographic name as entry element World War, 1939-1945
General subdivision Naval operations.
9 (RLIN) 75568
Topical term or geographic name as entry element Sea-power.
9 (RLIN) 75542
942 ## - ADDED ENTRY ELEMENTS (KOHA)
Source of classification or shelving scheme Dewey Decimal Classification
Koha item type Books
Holdings
Lost status Source of classification or shelving scheme Damaged status Not for loan Collection code Permanent Location Current Location Shelving location Date acquired Source of acquisition Cost, normal purchase price Total Checkouts Full call number Date last seen Copy number Koha item type
  Dewey Decimal Classification   Added to bundle Non-fiction Central Library, University of Rajshahi Central Library, University of Rajshahi Reading Room 06/04/1957 O. U. P 32.80   940.545 PUI 1947 13/03/2014 C-1 Books